banner koha

Growth and gas exchange of soursop under salt stress and hydrogen peroxide application (Registro n. 337525)

MARC details
000 -LÍDER
fixed length control field 04203nab a2200349 i 4500
003 - CÓDIGO MARC DA AGÊNCIA CATALOGADORA
Campo de controle BR-BrBNA
005 - DATA E HORA DA ÚLTIMA ATUALIZAÇÃO
Campo de controle 20250808170816.0
008 - CAMPO DE TAMANHO FIXO
fixed length control field 250808b2022 bl.mr|pooa||| 00| 0 eng |
040 ## - FONTE DA CATALOGAÇÃO
Agência catalogadora BR-BrBNA
Idioma da catalogação eng
072 ## - CATEGORIA AGRIS
Código AGRIS F60
Código do objeto 1190
072 ## - CATEGORIA AGRIS
Código AGRIS F06
100 ## - ENTRADA PRINCIPAL - NOME PESSOAL
Nome pessoal Veloso, Luana L. de S. A.
100 ## - ENTRADA PRINCIPAL - NOME PESSOAL
Nome pessoal Silva, André A. R. da
100 ## - ENTRADA PRINCIPAL - NOME PESSOAL
Nome pessoal Lima, Geovani S. de
100 ## - ENTRADA PRINCIPAL - NOME PESSOAL
Nome pessoal Azevedo, Carlos A. V. de
100 ## - ENTRADA PRINCIPAL - NOME PESSOAL
Nome pessoal Gheyi, Hans R.
100 ## - ENTRADA PRINCIPAL - NOME PESSOAL
Nome pessoal Moreira, Rômulo C. L.
245 ## - TÍTULO PRINCIPAL
Título principal Growth and gas exchange of soursop under salt stress and hydrogen peroxide application
500 ## - NOTA GERAL
Nota geral Publicação on-line; 31 ref.; 6 illus; Sumaries (En, Pt)
942 ## - ADDED ENTRY ELEMENTS (KOHA)
Koha item type Analítica
520 ## - NOTA DE RESUMO
Nota de conteúdo <br/><br/>ABSTRACT: The cultivation of irrigated soursop in semiarid Northeastern Brazil highlights the need for information regarding its responses to the salinity of irrigation water and the use of techniques that allow its exploration, such as the use of hydrogen peroxide. Thus, the study aimed to evaluate the effect of soaking of seeds and foliar application of hydrogen peroxide on soursop plant growth and physiology under conditions of salt stress. The study was conducted in lysimeters in a greenhouse, and the treatments were distributed in a randomized block design and 4 × 4 factorial scheme, with four values of electrical conductivity of the irrigation water - ECw (0.7, 1.7, 2.7, and 3.7 dS m-1) and four concentrations of H2 O2 (0, 25, 50, and 75 μM), with three replicates and one plant per plot. H2O2 concentrations were applied via seed imbibition and foliar spray. Irrigation with water from 0.7 dS m-1 impairs gas exchange and absolute growth rates of plant height and stem diameter and relative growth rate in height of soursop plants. Concentrations of 35, 33 and 23 µM of hydrogen peroxide favored the relative and absolute growth rates of plant height and transpiration, respectively. Compared to the aerial part, the root of soursop plants is more affected when irrigated with water from 1.6 dS m-1. <br/><br/>Key words: Annona muricata L., salinity, acclimatization
520 ## - NOTA DE RESUMO
Nota de conteúdo <br/><br/>RESUMO: O cultivo da graviola irrigada no semiárido do Nordeste brasileiro evidencia a necessidade de informações sobre suas respostas à salinidade da água de irrigação e o uso de técnicas que permitam sua exploração, como a utilização de peróxido de hidrogênio. Assim, objetivou-se com este estudo avaliar efeitos de embebição e aplicações foliares de peróxido de hidrogênio sobre o crescimento e a fisiologia de gravioleiras submetidas à estresse salino. O estudo foi conduzido em lisímetros em casa de vegetação, e os tratamentos foram distribuídos no delineamento de blocos casualizados em esquema fatorial 4 × 4, com quatro valores de condutividade elétrica da água de irrigação - CEa (0,7; 1,7; 2,7 e 3,7 dS m-1) e quatro concentrações de H2O2 (0, 25, 50 e 75 μM), com três repetições e uma planta por parcela. As concentrações de H2O2 foram aplicadas via embebição das sementes e pulverização foliar. A irrigação com água a partir de 0,7 dS m-1 prejudicou as trocas gasosas e as taxas de crescimento absoluto da altura de planta e diâmetro de caule e crescimento relativo da altura de gravioleira. A aplicacão foliar com concentrações estimadas de 35, 33 e 23 µM de peróxido de hidrogênio favoreceram as taxas de crescimento relativo e absoluto da altura de plantas e transpiração, respectivamente. Em comparação com a parte aérea, a raiz de gravioleira foi mais afetada quando irrigadas com água a partir de 1.6 dS m-1.<br/><br/>Palavras-chave: Annona muricata L., salinidade, aclimatação
650 ## - ASSUNTO - THESAGRO
Cabeçalho tópico ou nome geográfico GRAVIOLA
650 ## - ASSUNTO - THESAGRO
Cabeçalho tópico ou nome geográfico IRRIGAÇÃO
650 ## - ASSUNTO - THESAGRO
Cabeçalho tópico ou nome geográfico SALINIDADE
650 ## - ASSUNTO - THESAGRO
Cabeçalho tópico ou nome geográfico TROCA GASOSA
650 ## - ASSUNTO - THESAGRO
Cabeçalho tópico ou nome geográfico FISIOLOGIA VEGETAL
650 ## - ASSUNTO - THESAGRO
Cabeçalho tópico ou nome geográfico ACLIMATAÇÃO
773 0# - ENTRADA ANALÍTICA
Host Biblionumber 3534
Registro do item 317818
Imprenta Campina Grande-PB Universidade Federal de Campina Grande. Centro de Ciências e Tecnologia 1997
Outro identificador 2024-4537
Título Revista Brasileira de Engenharia Agrícola e Ambiental (Brazil)
ISSN 1415-4366
Colação v. 26 (2) p. 119-125; (2022)
Número de controle de registro BR2025003365
856 ## - ACESSO E ENDEREÇO ELETRÔNICO
Identificador uniforme de recurso - URI https://www.scielo.br/j/rbeaa/a/8svBkKDsVBfhFKFFPwyJXwt/?format=pdf&lang=en

Nenhum exemplar disponível.

BINAGRI

Telefone: (61)3218-2567/2388/3357/2097 - binagri@agro.gov.br

Ministério da Agricultura e Pecuária , Esplanada dos Ministérios, Bloco D, Anexo B, Brasília/DF, CEP: 70.043-900